000 00319nam a2200133 a 4500
005 20140414093845.0
008 090925s19uu xx 00 eng d
050 _aVCD 791.43
_bBRI 19--
100 _aCsupo, Gabor
245 _aBridge to Terabithia.
650 _aMotion pictures.
942 _cAVM
999 _c109521
_d109521